Fall 2001 Anime by Opening Quiz Stats

 Plays Quiz not verified by Sporcle

Score 0/21 Timer 08:00
0 Plays Today
Time Anime % Correct
2:11-2:22Hellsing
81.8%
0:00-0:09Hikaru no Go
67.3%
1:03-1:15X
52.7%
2:46-2:54Groove Adventure Rave
38.2%
0:22-0:34Mahoromatic
34.5%
0:34-0:45A Little Snow Fairy Sugar
34.5%
0:45-0:52Prince of Tennis
29.1%
2:22-2:29Kaze no Yojimbo
27.3%
2:29-2:46Captain Tsubasa: Road to 2002
23.6%
0:52-1:03Hoshi no Kirby
21.8%
3:18-3:25Kogepan
21.8%
Time Anime % Correct
1:54-2:04Vandread Second Stage
20%
1:40-1:54Cyborg 009
18.2%
2:54-3:02Najica Blitz Tactics
16.4%
0:09-0:22Crush Gear Turbo
14.5%
1:28-1:40Kokoro Library
12.7%
3:10-3:18Final Fantasy Unlimited
10.9%
1:15-128Babel II
9.1%
2:04-2:11Tenshi no Shippo
5.5%
3:25-3:35Geisters
5.5%
3:02-3:10The Legend of the Condor Hero
3.6%

You're not logged in!

Compare scores with friends on all Sporcle quizzes.
OR
Log In

You Might Also Like...

Show Comments

Extras

Created Feb 3, 2011ReportNominate
Tags:Anime Quiz

Top Quizzes Today


Score Distribution

Your Account Isn't Verified!

In order to create a playlist on Sporcle, you need to verify the email address you used during registration. Go to your Sporcle Settings to finish the process.

Report this User

Report this user for behavior that violates our Community Guidelines.

Details: